Análisis del rendimiento académico por género medido a través del premio extraordinario de la ESO (Record no. 174676)
[ view plain ]
| 000 -CABECERA | |
|---|---|
| campo de control de longitud fija | 01770cab a2200253 ab4500 |
| 005 - FECHA Y HORA DE LA ÚLTIMA TRANSACCIÓN | |
| campo de control | 20250829063919.0 |
| 008 - ELEMENTOS DE LONGITUD FIJA--INFORMACIÓN GENERAL | |
| campo de control de longitud fija | 991125c2014 sp fr p o 000 0 spa d |
| 035 ## - NÚMERO DE CONTROL DEL SISTEMA | |
| Número de control de sistema | UPN01000202575 |
| 040 ## - FUENTE DE LA CATALOGACIÓN | |
| Centro catalogador/agencia de origen | MX-MxUPN |
| Lengua de catalogación | spa |
| Centro/agencia transcriptor | MX-MxUPN |
| Normas de descripción | aacr2 |
| 049 ## - COLECCIÓN | |
| Colección | ART-E |
| 100 1# - ASIENTO PRINCIPAL--NOMBRE PERSONAL | |
| Nombre de persona | Ferreiro Seoane, Francisco Jesús |
| Enlace | - franciscojesus.ferreiro@usc.es |
| 100 1# - ASIENTO PRINCIPAL--NOMBRE PERSONAL | |
| Nombre de persona | Mato Vázquez, María Dorinda |
| 100 1# - ASIENTO PRINCIPAL--NOMBRE PERSONAL | |
| Nombre de persona | Chao Fernández, Rocío |
| 245 10 - MENCIÓN DE TÍTULO | |
| Título | Análisis del rendimiento académico por género medido a través del premio extraordinario de la ESO |
| Medio | [recurso electrónico en línea] |
| 506 0# - NOTA DE RESTRICCIONES AL ACCESO | |
| Limitaciones de acceso | Acceso abierto |
| 520 3# - NOTA DE RESUMEN, ETC. | |
| Sumario, etc. | La educación se considera vital para el desarrollo económico y social de cualquier país. Para medir el rendimiento de los estudiantes, los gobiernos autonómicos establecen una serie de premios. Uno de esos es el premio extraordinario de la ESO, una prueba escrita para alumnado cuya media en los cuatro años que integran esta etapa haya sido de sobresaliente. En este artículo se analizan los resultados obtenidos por los estudiantes presentados a través de la comparación entre hombres y mujeres, donde se establecen un conjunto de hipótesis que permiten analizar si el rendimiento en estas pruebas es diferente según el género. Para verificar el cumplimento de las hipótesis hemos utilizado el método de comparación a través de muestras independientes, con la prueba de Levene. |
| 650 #4 - ASIENTO SECUNDARIO DE MATERIA - TERMINO TEMATICO | |
| Término de materia o nombre geográfico como elemento de entrada | Rendimiento académico |
| 9 (RLIN) | 3961 |
| 650 #4 - ASIENTO SECUNDARIO DE MATERIA - TERMINO TEMATICO | |
| Término de materia o nombre geográfico como elemento de entrada | Estudios de género |
| 9 (RLIN) | 20662 |
| 653 0# - TERMINO DE INDIZACION - NO CONTROLADO | |
| Término no controlado | ANALISIS COMPARATIVO |
| 773 ## - ENLACE AL DOCUMENTO FUENTE/ENTRADA DE REGISTRO ANFITRIÓN | |
| Parte(s) relacionada(s) | Vol. 13, no. 2 (2014), p. 53-76 |
| Título | RIPS : revista de investigaciones políticas y sociológicas |
| Número Internacional Normalizado para Publicaciones Seriadas | 2255-5986 |
| 856 4# - LOCALIZACIÓN Y ACCESO ELECTRÓNICOS | |
| Identificador Uniforme del Recurso | <a href="https://revistas.usc.gal/index.php/rips/article/view/2086">https://revistas.usc.gal/index.php/rips/article/view/2086</a> |
| 905 ## - TIPO DE MATERIAL | |
| Tipo de material | Articulo |
| 942 ## - ELEMENTOS DE PUNTO DE ACCESO ADICIONAL (KOHA) | |
| Tipo de ítem Koha | Artículo Electrónico |
| Estado de retiro | Estado de pérdida | Estado dañado | No para préstamo | Código de colección | Localización permanente | Ubicación/localización actual | Ubicación en estantería | Fecha de adquisición | Total de préstamos | Fecha visto por última vez | Identificador Uniforme del Recurso | Precio válido a partir de | Tipo de ítem Koha |
|---|---|---|---|---|---|---|---|---|---|---|---|---|---|
| Acceso abierto | Bib. Gregorio Torres Quintero | Bib. Gregorio Torres Quintero | En línea | 13/09/2022 | 13/09/2022 | https://revistas.usc.gal/index.php/rips/article/view/2086 | 13/09/2022 | Artículo Electrónico |
